MARC details
| 000 -LEADER |
| fixed length control field |
02020nam a2200289 a 4500 |
| 008 - FIXED-LENGTH DATA ELEMENTS--GENERAL INFORMATION |
| fixed length control field |
081007s1984 ||||||||||||||||| || u |
| 020 ## - INTERNATIONAL STANDARD BOOK NUMBER |
| International Standard Book Number |
0876925913 |
| 050 ## - LIBRARY OF CONGRESS CALL NUMBER |
| Classification number |
QA 76.8 Nas |
| 100 ## - MAIN ENTRY--PERSONAL NAME |
| Personal name |
Boylestad, Robert |
| 245 10 - TITLE STATEMENT |
| Title |
IBM PC/XT: basic programming and applications |
| Statement of responsibility, etc. |
Louis Nashelsky; Boylestad Robert |
| 260 ## - PUBLICATION, DISTRIBUTION, ETC. |
| Place of publication, distribution, etc. |
New Delhi |
| Name of publisher, distributor, etc. |
Prentice Hall of India |
| Date of publication, distribution, etc. |
1984 |
| 300 ## - PHYSICAL DESCRIPTION |
| Extent |
x, 310 pages : illustrations |
| 350 ## - |
| -- |
38600.00 |
| 650 ## - SUBJECT ADDED ENTRY--TOPICAL TERM |
| Topical term or geographic name entry element |
COMPUTING |
| 650 ## - SUBJECT ADDED ENTRY--TOPICAL TERM |
| Topical term or geographic name entry element |
BASIC (COMPUTER PROGRAM LANGUAGE) |
| 650 ## - SUBJECT ADDED ENTRY--TOPICAL TERM |
| Topical term or geographic name entry element |
IBM PERSONAL COMPUTER XT -- PROGRAMMING |
| 650 ## - SUBJECT ADDED ENTRY--TOPICAL TERM |
| Topical term or geographic name entry element |
IBM PERSONAL COMPUTER -- PROGRAMMING |
| 700 ## - ADDED ENTRY--PERSONAL NAME |
| Personal name |
Nashelsky, Louis |
| 995 ## - |
| -- |
ANNEX COLLECTION (Main Library) |
| -- |
0.00 |
| -- |
738683 |
| -- |
CBU-MAIN LIBRARY (Kitwe) |
| -- |
1 |
| -- |
0.00 |
| -- |
QA 76.8 Nas |
| -- |
2 |
| -- |
AVAILABLE |
| -- |
Oct 7, 2008 |
| -- |
738683 |
| -- |
Annex Low-Usage Collection |
| 995 ## - |
| -- |
MAIN LIBRARY OPEN ACCESS |
| -- |
0.00 |
| -- |
738684 |
| -- |
CBU-MAIN LIBRARY (Kitwe) |
| -- |
1 |
| -- |
0.00 |
| -- |
QA 76.8 Nas |
| -- |
3 |
| -- |
AVAILABLE |
| -- |
Oct 7, 2008 |
| -- |
738684 |
| -- |
Main Library Open Access Collection |
| 995 ## - |
| -- |
MAIN LIBRARY OPEN ACCESS |
| -- |
0.00 |
| -- |
738685 |
| -- |
CBU-MAIN LIBRARY (Kitwe) |
| -- |
1 |
| -- |
0.00 |
| -- |
QA 76.8 Nas |
| -- |
4 |
| -- |
AVAILABLE |
| -- |
Oct 7, 2008 |
| -- |
738685 |
| -- |
Main Library Open Access Collection |
| 995 ## - |
| -- |
ANNEX COLLECTION (Main Library) |
| -- |
0.00 |
| -- |
738686 |
| -- |
CBU-MAIN LIBRARY (Kitwe) |
| -- |
1 |
| -- |
0.00 |
| -- |
QA 76.8 Nas |
| -- |
5 |
| -- |
AVAILABLE |
| -- |
Oct 7, 2008 |
| -- |
738686 |
| -- |
Annex Low-Usage Collection |
| 995 ## - |
| -- |
ANNEX COLLECTION (Main Library) |
| -- |
0.00 |
| -- |
738682 |
| -- |
CBU-MAIN LIBRARY (Kitwe) |
| -- |
1 |
| -- |
0.00 |
| -- |
QA 76.8 Nas |
| -- |
1 |
| -- |
AVAILABLE |
| -- |
Oct 7, 2008 |
| -- |
738682 |
| -- |
Annex Low-Usage Collection |
| 995 ## - |
| -- |
TEXTBOOKS (COMP.SCIENCE) |
| -- |
38600.00 |
| -- |
7095 |
| -- |
CBU-SCHOOL TEXTBOOK COLLECTIONS |
| -- |
1 |
| -- |
0.00 |
| -- |
SCHOOL TEXTBOOK |
| -- |
8 |
| -- |
AVAILABLE |
| -- |
Sep 8, 2009 |
| -- |
7095 |
| -- |
School Collections |
| 995 ## - |
| -- |
TEXTBOOKS (COMP.SCIENCE) |
| -- |
38600.00 |
| -- |
7093 |
| -- |
CBU-SCHOOL TEXTBOOK COLLECTIONS |
| -- |
1 |
| -- |
0.00 |
| -- |
SCHOOL TEXTBOOK |
| -- |
6 |
| -- |
AVAILABLE |
| -- |
Sep 8, 2009 |
| -- |
7093 |
| -- |
School Collections |
| 995 ## - |
| -- |
TEXTBOOKS (COMP.SCIENCE) |
| -- |
38600.00 |
| -- |
7094 |
| -- |
CBU-SCHOOL TEXTBOOK COLLECTIONS |
| -- |
1 |
| -- |
0.00 |
| -- |
SCHOOL TEXTBOOK |
| -- |
7 |
| -- |
AVAILABLE |
| -- |
Sep 8, 2009 |
| -- |
7094 |
| -- |
School Collections |
| 999 ## - |
| -- |
76281 |
| -- |
76281 |